000 00327nam a2200145Ia 4500
003 OSt
005 20240213105154.0
008 170524s9999 xx 000 0 und d
020 _a9380097417
040 _cIIMT
100 _aSRIVASTVA
245 0 _aAPPLIED MATHEMATICS
260 _bNEW DELHI: VAYU EDUCATION
942 _2ddc
_c02
999 _c7576
_d7576